Liste des champions de League of Legends - Statistiques

Statistiques générales
  • Ce quiz a été pris 850 fois
    476 depuis la dernière actualisation
  • Le résultat moyen est 101 sur 162
Statistiques - réponses
Indice Personnages % Correct
Renard à neuf queues Ahri
95%
Épée des Darkin Aatrox
92%
Archère de givre Ashe
92%
Force de Demacia Garen
92%
Minotaure Alistar
91%
Main de Noxus Darius
91%
Momie mélancolique Amumu
88%
Cogne de Piltover Vi
88%
Empereur des sables Azir
87%
Cryophénix Anivia
86%
Assassin rebelle Akali
84%
Forgeur d'étoiles Aurelion Sol
84%
Shérif de Piltover Caitlyn
83%
Gâchette folle Jinx
81%
Enfant des ténèbres Annie
80%
Golem de vapeur Blitzcrank
80%
Dame de lumière Lux
80%
Cannonière yordle Tristana
80%
Cœur de Freljord Braum
77%
Titan des profondeurs Nautilus
77%
Dame aux ronces Zyra
76%
Fractureur du temps Ekko
75%
Reine araignée Elise
75%
Moine aveugle Lee Sin
75%
Sorcière féérique Lulu
75%
Chimiste fou Singed
75%
Arme des Lunaris Aphelios
74%
Explorateur prodige Ezreal
74%
Fille du Néant Kai'Sa
74%
Roi déchu Viego
73%
Maître des ombres Zed
73%
Ange déchu Morgana
72%
Dieu de la forge volcanique Ornn
72%
Chanteuse rêveuse Séraphine
72%
Gardien du Temps Zilean
72%
Impératrice du Néant Bel'Veth
71%
Mépris de la lune Diana
71%
Inventeur réputé Heimerdinger
71%
Justicière Kayle
71%
Fine lame Wuju Maitre Yi
71%
Scout de Bantam Teemo
71%
Étreinte de serpent Cassiopeia
70%
Filou des mers Fizz
70%
Colosse Galio
70%
Le garçon et son yéti Nunu et Willump
70%
Virtuose de la harpe Sona
69%
Disgracié Yasuo
69%
Aquamancienne Nami
68%
Éternel cauchemard Nocturne
68%
Œil du Néant Vel'Koz
68%
Aîné de la forêt Ivern
67%
Lame sinistre Katarina
67%
Demoiselle mécanique Orianna
67%
Bouffon des ténèbres Shaco
67%
Révolutionnaire déchaîné Sylas
67%
Maître des cartes Twisted Fate
67%
Roi des singes Wukong
67%
Inoublié Yone
67%
Danseuse des lames Irelia
66%
Protecteur du futur Jayce
66%
Faucheur de l'ombre Kayn
66%
Aube radieuse Leona
66%
Roi des trolls Trundle
66%
Experts des Hexplosifs Ziggs
66%
Couturière Sacrée Gwen
65%
Purificateur Lucian
65%
Caméléon curieux Neeko
65%
Rédemptrice Senna
65%
Fureur déchaînée de Zaun Warwick
65%
Manifestation du Crépuscule Zoé
64%
Glorieux exécuteur Draven
63%
Sublime bretteuse Fiora
63%
Ombre de la guerre Hecarim
63%
Sorcière de glace Lissandra
63%
Éclat du monolithe Malphite
63%
Berzerker Olaf
63%
Gardienne du marteau Poppy
63%
Tatou blindé Rammus
63%
Mage runique Ryze
63%
Demi-dragon Shyvana
63%
Colosse mort-vivant Sion
63%
Grand général noxien Swain
63%
Avatar de l'air Janna
62%
Chasseuse de primes Miss Fortune
62%
Roi barbare Tryndamere
62%
Sentinelle Rebelle Akshan
61%
Vengeur flamboyant Brand
61%
Prêtresse du kraken Illaoi
61%
Virtuose Jhin
61%
Revenant de fer Mordekaiser
61%
Charmeur Rakan
61%
Exemple demacien Jarvan IV
60%
Gardien des sables Nasus
60%
Grondement de tonnerre Volibear
60%
Manipulatrice LeBlanc
59%
Dévoreur des sables Renekton
59%
Hérault des machines Viktor
59%
Étincelle de Zaun Zeri
59%
Hors-la-loi Graves
58%
Éventreur des abysses Pyke
58%
Vierge de fer Rell
58%
Patron Sett
58%
Gardienne du Grimoire Yuumi
58%
Démon sadique Evelynn
57%
Liche Karthus
57%
Fureur du nord Sejuani
57%
Chasseresse bestiale Nidalee
56%
Flèche de la vengeance Varus
56%
Rebelle Xayah
56%
Mage suprême Xerath
56%
Berger des âmes Yorick
56%
Maître d'armes Jax
55%
Lance de la vengeance Kalista
55%
Chasseur du Néant Kassadin
55%
Traqueuse du Néant Rek'Sai
55%
Lame des ténèbres Talon
55%
Garde aux chaînes Thresh
55%
Saigneur pourpre Vladimir
55%
Gardien errant Bard
54%
Prophète du Néant Malzahar
53%
Exilée brisée Riven
53%
Dément de Zaun Dr. Mundo
52%
Fléau des mers Gangplank
52%
Tréant torturé Maokai
52%
Fier traqueur Rengar
52%
Rose du désert Samira
52%
Seigner des maléfices Veigar
52%
Terreur noire Cho'gath
51%
Faucheur du Néant Kha'Zix
51%
Artisan de la guerre Pantheon
51%
Roi des rivières Tahm Kench
51%
Arme secrète Zac
51%
Baronne de la Chimie Renata Glasc
50%
Chasseur nocturne Vayne
50%
Artilleur téméraire Corki
49%
Sagesse incarnée Karma
49%
Fierté de Nazumah K'Santé
49%
Impératrice des éléments Qiyana
49%
Œil du crépuscule Shen
49%
Gardien de cristal Skarner
49%
Semeur de peste Twitch
49%
Gueule des abysses Kog'Maw
48%
Menace mécanisée Rumble
48%
Tisseuse de pierres Taliyah
48%
Cavalier colérique Kled
47%
Ailes de Demacia Quinn
47%
Sénéchal de Demacia Xin Zhao
47%
Chaînon manquant Gnar
46%
Cœur de la tempête Kennen
46%
Vierge martiale Sivir
46%
Enfant des étoiles Soraka
45%
Ombre d'acier Camille
44%
Chasseur éternels Kindred
44%
Joie Incarnée Nilah
44%
Gardien des esprits Udyr
44%
Broyeur Urgot
44%
Fleur timide Lillia
43%
Bouclier de Valoran Taric
43%
Faucheur Fiddlesticks
41%
Souveraine obscure Syndra
41%
Ombre du Désespoir Vex
41%
Agitateur Gragas
40%
Aucun quiz correspondant
Distribution des résultats
% des personnes avec chaque résultat
Percentile par nombre de réponses
Votre historique - résultats
Vous n’avez pas pris ce quiz depuis la dernière actualisation